00443nam a22001457a 4500003000500000005001700005008004100022041001200063082001300075100002900088245008600117260006100203650001700264700001600281CUTN20221212223652.0221210b |||||||| |||| 00| 0 eng d aEnglish a510bSAS aSaswati, Sinha (R190203) aOn the least primitive root of extended Sophie Germain Primes and Legendre primes aThiruvarurbCentral University of Tamil NaducMarch,2022 aMathematics  aRamesh, V P